[Event "Barcelona Tres Peons-G 45th"]
[Site "Barcelona"]
[Date "2016.04.29"]
[Round "3.2"]
[White "Sanchez Coves, Juan Josep"]
[Black "Panos Pascual, Josep Maria"]
[Result "1/2-1/2"]
[WhiteElo "1599"]
[BlackElo "1603"]
[PlyCount "55"]
[EventDate "2016.04.15"]
[EventType "swiss"]
[EventRounds "9"]
[EventCountry "ESP"]
[SourceTitle "EXT 2024"]
[Source "ChessBase"]
[SourceDate "2023.10.10"]
[SourceVersion "1"]
[SourceVersionDate "2023.10.10"]
[SourceQuality "1"]

1. e4 d6 2. d3 Nf6 3. Nf3 g6 4. g3 Bg7 5. Bg2 0-0 6. 0-0 Nbd7 7. Re1 e5 8. c3 c5 9. a3 b6 10. b4 Bb7 11. Nbd2 Qe8 12. Nc4 Qe7 13. Ne3 d5 14. exd5 Nxd5 15. Nxd5 Bxd5 16. d4 e4 17. Ne5 Nxe5 18. dxe5 Qxe5 19. Bf4 Qf5 20. Qc2 Rfe8 21. Rad1 Bc6 22. Rd6 Bb7 23. bxc5 Bf8 24. Rd4 Bxc5 25. Bxe4 Bxe4 26. Rdxe4 Rxe4 27. Rxe4 Qd7 28. Bh6 1/2-1/2